[Event "Warsaw Najdorf Memorial op-A 11th"]
[Site "Warsaw"]
[Date "2013.08.11"]
[Round "7"]
[White "Warakomski, Tomasz"]
[Black "Strzemiecki, Zbigniew"]
[Result "1/2-1/2"]
[WhiteElo "2503"]
[BlackElo "2437"]
[PlyCount "40"]
[EventDate "2013.08.05"]
[EventType "swiss"]
[EventRounds "9"]
[EventCountry "POL"]
[SourceTitle "CBM 155 Extra"]
[Source "ChessBase"]
[SourceDate "2013.08.26"]
[SourceVersion "1"]
[SourceVersionDate "2013.08.26"]
[SourceQuality "1"]

1. Nf3 Nf6 2. c4 e6 3. Nc3 Bb4 4. g4 0-0 5. g5 Ne8 6. h4 d5 7. a3 Bxc3 8. dxc3 Nc6 9. Rg1 dxc4 10. Qxd8 Nxd8 11. Bf4 b6 12. e3 Nd6 13. 0-0-0 N8b7 14. Ne5 Na5 15. h5 Bb7 16. f3 Rfd8 17. e4 Nxe4 18. fxe4 Nb3+ 19. Kc2 Bxe4+ 20. Bd3 Rxd3 1/2-1/2